[Event "BAN Games 9th"]
[Site "Dhaka"]
[Date "2021.04.07"]
[Round "4.3"]
[White "Bappi, Ab"]
[Black "Kutubuddin"]
[Result "1/2-1/2"]
[WhiteElo "1854"]
[BlackElo "1921"]
[PlyCount "123"]
[EventDate "2021.04.04"]
[EventType "team-swiss"]
[EventRounds "5"]
[EventCountry "BAN"]
[SourceTitle "CBM 202 Extra"]
[Source "ChessBase"]
[SourceDate "2021.07.31"]
[SourceVersion "1"]
[SourceVersionDate "2021.07.31"]
[SourceQuality "1"]
[WhiteTeam "Dhaka Division"]
[BlackTeam "Chottogram Division"]
[WhiteTeamCountry "BAN"]
[BlackTeamCountry "BAN"]

1. c4 Nf6 2. Nc3 d5 3. e3 e6 4. a3 c5 5. d4 Nc6 6. Nf3 Be7 7. dxc5 Qa5 8. Bd2 Qxc5 9. b4 Qb6 10. cxd5 exd5 11. Bd3 0-0 12. 0-0 Bg4 13. h3 Bxf3 14. Qxf3 Ne5 15. Qe2 Nxd3 16. Qxd3 Rfd8 17. Ne2 Ne4 18. Rac1 Bf6 19. Rfd1 Bh4 20. Be1 Qf6 21. g3 Bg5 22. f4 Bh6 23. Rc7 g5 24. Rdc1 gxf4 25. exf4 Qb6+ 26. Kg2 Bg7 27. Qf3 Re8 28. Qh5 Qe6 29. f5 Qe5 30. Qxf7+ Kh8 31. f6 Qxf6 32. Qxf6 Bxf6 33. Rxb7 Nd6 34. Rd7 Rxe2+ 35. Kf3 Re6 36. Bd2 Rf8 37. Bf4 Bd8 38. Rc6 Nf5 39. Rxe6 Nd4+ 40. Ke3 Nxe6 41. Rxd5 Nxf4 42. gxf4 Bb6+ 43. Ke4 Kg7 44. a4 Re8+ 45. Kf5 Rf8+ 46. Kg4 Rf7 47. h4 Rc7 48. a5 Bf2 49. h5 Be1 50. Rb5 Kh6 51. Rb8 Rc4 52. Rb7 Bd2 53. Rxa7 Rxf4+ 54. Kg3 Rxb4 55. a6 Ra4 56. Kf3 Bc3 57. Ke2 Bd4 58. Rd7 Bg1 59. Rd1 Ba7 60. Rd6+ Kxh5 61. Rd7 Rxa6 62. Rxh7+ 1/2-1/2

[Event "Dhaka Bangabandhu op-B"]
[Site "Dhaka"]
[Date "2021.03.12"]
[Round "4"]
[White "Md Abzid, Rahman"]
[Black "Bappi, Ab"]
[Result "1-0"]
[WhiteElo "2047"]
[BlackElo "1843"]
[PlyCount "65"]
[EventDate "2021.03.09"]
[EventType "swiss"]
[EventRounds "9"]
[EventCountry "BAN"]
[SourceTitle "CBM 201 Extra"]
[Source "ChessBase"]
[SourceDate "2021.05.31"]
[SourceVersion "1"]
[SourceVersionDate "2021.05.31"]
[SourceQuality "1"]

1. d4 f5 2. c4 Nf6 3. Nc3 c6 4. Nf3 e6 5. Bf4 d5 6. e3 Bd6 7. Ne5 0-0 8. c5 Bc7 9. b4 Nbd7 10. Be2 Nxe5 11. dxe5 Nd7 12. Qd4 b6 13. 0-0 Qe7 14. Na4 Rb8 15. Rab1 b5 16. Nc3 a5 17. a3 g6 18. Bg3 Ra8 19. f4 h6 20. Rfd1 Rd8 21. Bxb5 axb4 22. axb4 cxb5 23. Nxd5 exd5 24. Qxd5+ Kg7 25. Qxa8 Rf8 26. Ra1 Nb8 27. Ra7 Be6 28. Qb7 Rf7 29. Qxb5 Bd7 30. Qb7 Bc6 31. Qc8 Qe8 32. Rxc7 Ba4 33. Rd8 1-0

[Event "BAN Marcel 1st Div"]
[Site "Dhaka"]
[Date "2018.01.02"]
[Round "4.4"]
[White "Kishor, Shazzad"]
[Black "Bappi, Ab"]
[Result "0-1"]
[WhiteElo "1806"]
[BlackElo "1829"]
[PlyCount "112"]
[EventDate "2017.12.30"]
[EventType "team-tourn"]
[EventRounds "9"]
[EventCountry "BAN"]
[SourceTitle "CBM 182 Extra"]
[Source "ChessBase"]
[SourceDate "2018.02.23"]
[SourceVersion "1"]
[SourceVersionDate "2018.02.23"]
[SourceQuality "1"]
[WhiteTeam "Mir CC"]
[BlackTeam "Debdas Biswas Smirity Sangsad"]
[WhiteTeamCountry "BAN"]
[BlackTeamCountry "BAN"]

1. g3 Nf6 2. Bg2 d5 3. c4 e6 4. Nf3 Be7 5. 0-0 c6 6. d3 0-0 7. Nbd2 Nbd7 8. b3 e5 9. Bb2 Bd6 10. e4 d4 11. a3 a5 12. Qc2 g6 13. Rfe1 Nh5 14. Rab1 c5 15. Bc1 Re8 16. Nf1 Nf8 17. Bd2 Qe7 18. Rb2 Bd7 19. Reb1 b6 20. b4 cxb4 21. axb4 a4 22. b5 Ne6 23. Bb4 Bxb4 24. Rxb4 Nc5 25. Ra1 Ra5 26. Rb2 Ng7 27. N1d2 h6 28. Ra3 Bg4 29. h3 Bd7 30. Rba2 Rea8 31. Nb1 Kh7 32. Kh2 Ne8 33. Ne1 Nd6 34. Qe2 Kg7 35. Nc2 Rf8 36. Nb4 Ndb7 37. Nd5 Qd6 38. Nd2 f6 39. Qf1 f5 40. exf5 Bxf5 41. Ne4 Bxe4 42. Bxe4 Nxe4 43. dxe4 Nc5 44. Nb4 Nxe4 45. Nc6 Raa8 46. Qg2 Nc3 47. Ra1 e4 48. h4 h5 49. Kh1 Rf3 50. Kh2 Raf8 51. Rxc3 Rxf2 52. Qxf2 Rxf2+ 53. Kh1 dxc3 54. Rg1 e3 55. Na7 Qe6 56. g4 Qe4+ 0-1